LEADER 01347nam a2200313 a 4500 001 000000126217 003 CaOOAMICUS 005 20110906163734.0 008 110906s2011 it u000 u ita r 040 $aPUL$bita 041 1 $aita$heng 082 04$a808.8 100 1 $aJames, Henry,$d1843-1916.$0(OLS)http://pul/name/80271 240 10$aAspern papers.$lItaliano.$0(OLS)http://pul/title/159377 245 13$aIl carteggio Aspern /$cHenry James ; introduzione di Alberto Arbasino ; traduzione di Nadia Fusini. 260 $aRoma :$bGruppo editoriale l'Espresso,$c©2011. 300 $a111 p. ;$c20 cm 490 1 $aGrandi della narrativa ;$v09 500 $aSul front.: La biblioteca di Repubblica. 700 1 $aArbasino, Alberto,$d1930-$0(OLS)http://pul/name/65436 700 1 $aFusini, Nadia.$0(OLS)http://pul/name/80272 830 0$aGrandi della narrativa (L'Espresso) ;$v09.$0(OLS)http://pul/title/159128 850 $aPUL 852 $aPUL$W1$xDP2 Cons. Gen., Altre Classi 3$y97$m808. 8 COLL 2.9$j145572$qDDC 21$B144441$CPULBib$Z2$F144441 $H117936 $82 941 1 $a9 996 $6082$a808.8$9(OLS)http://pul/classification/2065 996 $6245$aIl carteggio Aspern$9(OLS)http://pul/title/159378 996 $6260$aRoma :$bGruppo editoriale l'Espresso$9(OLS)http://pul/publisher/79104 LEADER 01330nam a2200313 a 4500 001 000000131917 003 CaOOAMICUS 005 20121206091656.0 008 121206s2003 it u000 u ita r 020 $a88-420-7110-2 040 $aPUL$bita 245 00$aPolitica della vita :$bsovranità, biopotere, diritti /$ca cura di Laura Bazzicalupo e Roberto Esposito. 260 $aRoma ;$aBari :$bLaterza,$c2003. 300 $aV, 254 p. ;$c21 cm. 490 1 $aPercorsi ;$v57 504 $aBibliografia in nota. 650 4$aBiopolitica.$0(OLS)http://pul/subject/36566 650 4$aPolitica$ySec. XX.$0(OLS)http://pul/subject/23018 700 1 $aEsposito, Roberto,$d1950-$0(OLS)http://pul/name/40097 700 1 $aBazzicalupo, Laura.$0(OLS)http://pul/name/79416 830 0$aPercorsi (Laterza) ;$v57.$0(OLS)http://pul/title/64981 850 $aPUL 852 $aPUL$W1$xDP1 Fondo E. Rossi$y115$m1 E 32$j151982$qFondi$q $B151177$CPULBib$Z2$F151177 $Hnull $81 941 1 $a1 961 $aSul dorso collocazione ms. di E. Rossi: E 21 2 996 $6020$a88-420-7110-2$9(OLS)http://pul/number/151277 996 $6245$aPolitica della vita :$bsovranità, biopotere, diritti$9(OLS)http://pul/title/166674 996 $6260$aRoma ;$aBari :$bLaterza$9(OLS)http://pul/publisher/57682